Zdanenie energie ako možnosť environmentálnej daňovej reformy

Zdanenie energie predstavuje významný podiel na celkových daňových príjmoch krajín. Environmentálne daňové reformy v niektorých krajinách EÚ a hypotéza dvojitej dividendy. Dane s environmentálnym aspektom (environmentally related taxes).

Salvato in:
Dettagli Bibliografici
Autore principale: Darmo, Martin
Natura: Capitolo di libro
Lingua:slovacco
Soggetti:
Tags: Aggiungi Tag
Nessun Tag, puoi essere il primo ad aggiungerne!!

MARC

LEADER 00000nla$a2200000$$$4500
001 0145136
005 20240506113133.8
041 0 |a slo 
044 |a SK 
245 1 0 |a Zdanenie energie ako možnosť environmentálnej daňovej reformy  |c Martin Darmo 
520 |a Zdanenie energie predstavuje významný podiel na celkových daňových príjmoch krajín. Environmentálne daňové reformy v niektorých krajinách EÚ a hypotéza dvojitej dividendy. Dane s environmentálnym aspektom (environmentally related taxes). 
610 2 0 |a dane 
610 2 0 |a odvody do rozpočtu štátneho 
610 2 0 |a dane ekologické 
610 2 0 |a energia 
610 2 0 |a zdaňovanie 
610 2 0 |a základ dane 
610 2 0 |a dane sadzbové 
610 2 0 |a reformy daňové 
610 2 0 |a environmentalistika 
610 2 0 |a prostredie životné 
100 1 |a Darmo, Martin